| 000 | 00618nam a2200241Ia 4500 | ||
|---|---|---|---|
| 005 | 20260320201132.0 | ||
| 008 | 008 262003s9999 xx 000 0 eng d | ||
| 037 | _aEBOOK | ||
| 040 | _aCRL | ||
| 040 | _beng | ||
| 040 | _cCRL | ||
| 041 | _2eng | ||
| 041 | _aeng | ||
| 084 | _qCRL | ||
| 100 |
_aSchwerdtfeger _91134319 |
||
| 245 | 0 | _aSatellite Ground Station Antennas: Electrical, Mechanical, and Civil Engineering Design | |
| 260 | _bIEEE | ||
| 260 | _c2025 | ||
| 856 | _uhttps://ieeexplore.ieee.org/servlet/opac?bknumber=10783068 | ||
| 942 | _cEBOOK | ||
| 999 |
_c1719119 _d1719119 |
||